Association for Environment Conscious Building (Record no. 119503)

MARC details
000 -LEADER
fixed length control field 00732cam a2200193 4500
001 - CONTROL NUMBER
control field WS106668
008 - FIXED-LENGTH DATA ELEMENTS--GENERAL INFORMATION
fixed length control field 000000n 000 0 eng u
035 ## - SYSTEM CONTROL NUMBER
System control number (Sirsi) u106668
110 ## - MAIN ENTRY--CORPORATE NAME
Corporate name or jurisdiction name as entry element Association for Environment Conscious Building
9 (RLIN) 735
245 ## - TITLE STATEMENT
Title Association for Environment Conscious Building
520 ## - SUMMARY, ETC.
Summary, etc. Web site for this organisation which aims to encourage greater environmental awareness in the UK construction industry.
650 ## - SUBJECT ADDED ENTRY--TOPICAL TERM
Topical term or geographic name entry element SUSTAINABLE BUILDING
650 ## - SUBJECT ADDED ENTRY--TOPICAL TERM
Topical term or geographic name entry element ENVIRONMENTAL AWARENESS
650 ## - SUBJECT ADDED ENTRY--TOPICAL TERM
Topical term or geographic name entry element Environment
9 (RLIN) 6238
650 ## - SUBJECT ADDED ENTRY--TOPICAL TERM
Topical term or geographic name entry element ORGANISATION
690 ## - LOCAL SUBJECT ADDED ENTRY--TOPICAL TERM (OCLC, RLIN)
Topical term or geographic name as entry element BUILT ENVIRONMENT-SUSTAINABLE CONSTRUCTION
856 40 - ELECTRONIC LOCATION AND ACCESS
Uniform Resource Identifier <a href="https://www.aecb.net">https://www.aecb.net</a>
Public note View the website free of charge at www.aecb.net...
942 ## - ADDED ENTRY ELEMENTS (KOHA)
Suppress in OPAC 0
Holdings
Withdrawn status Lost status Source of classification or shelving scheme Damaged status Not for loan Home library Current library Shelving location Date acquired Total Checkouts Full call number Barcode Date last seen Copy number Price effective from Koha item type
    Dewey Decimal Classification     Virtual Virtual Online 22/06/2000   WEB SITE 106668-2001 06/08/2019 1 06/08/2019 Online material